000 00641nam a2200265Ia 4500
005 20260121172810.0
008 008 260114s9999 xx 000 0 eng d
020 _a9783030764890
037 _aEBOOK
040 _aCRL
040 _beng
040 _cCRL
041 _2eng
041 _aeng
084 _qCRL
100 _aDavid Broder
_91092879
245 4 _aThe Rebirth of Italian Communism, 1943–44
260 _bSpringer
260 _bSpringer
260 _c2021
856 _uhttps://link.springer.com/openurl?genre=book&isbn=978-3-030-76489-0
942 _cEBOOK
999 _c1658620
_d1658620